Normal view
MARC view
Entry Personal Name
001 - CONTROL NUMBER
- control field: 26250
003 - CONTROL NUMBER IDENTIFIER
- control field: OSt
005 - DATE AND TIME OF LATEST TRANSACTION
- control field: 20210803113633.0
008 - FIXED-LENGTH DATA ELEMENTS
- fixed length control field: 210803|| aca||aabn | a|a d
040 ## - CATALOGING SOURCE
- Original cataloging agency: OSt
- Transcribing agency: OSt
100 ## - HEADING--PERSONAL NAME
- Personal name: Bursztyn, L., Gonzalez, Alessandra L. and Drott, D.Y.
670 ## - SOURCE DATA FOUND
- Source citation: Work cat.: (OSt)517258: Bursztyn, L., Gonzalez, Alessandra L. and Drott, D.Y., Misperceived social norms: Women working outside the home in Saudi Arabia
